000
00317nam a22001457a 4500
008
240205b ||||| |||| 00| 0 eng d
020
_a
6319754
041
_a
eng
080
_2
1963
_a
611
082
_a
611LAN
100
_a
10
101
_a
ANATOMI
245
_a
MEDICAL EMBRYOLOGY
_c
JAN LANGMAN
942
_2
udc
_c
BK
999
_c
60569
_d
60569